000 01294cab a2200385 4500
001 ABS59093
008 090401t1998 xxu||||| |||| 00| 0 eng d
035 _a(Sirsi) u87854
041 _aeng
100 _aSydenham, A.
245 _aDon`t get fenced in
260 _c1998
350 _a0
490 _aEstates Gazette
_v(9831) 1 August 1998, 90-91(2)
520 _aConsiders case law relating to boundary disputes. Discusses reference to the parcels clause or the plan in the title deeds, reliance on presumptions and adverse possession.
650 _aADVERSE POSSESSION
650 _aALAN WIBBERLEY BUILDING LTD V INSLEY
650 _aBoundary disputes
_96221
650 _aDISPUTES
650 _aDITCHES
650 _aGILES V COUNTY BUILDING CONSTRUCTION LTD
650 _aHEDGES
650 _aMICKLETHWAIT V NEWLAY BRIDGE & CO
650 _aPARCELS CLAUSE
650 _aPRESUMPTIONS
650 _aPRUDENTIAL ASSURANCE CO LTD V WATERLOO REAL ESTATE INC
650 _aRIVERS
650 _aPROPERTY-INFRASTRUCTURE-TRANSPORT INFRASTRUCTURE-ROAD INFRASTRUCTURE
650 _aSCARFE V ADAMS
650 _aTITLE DEEDS
650 _aWIGGINTON & MILNER LTD V WINSTER ENGINEERING LTD
690 _aPROPERTY LAW AND PRACTICE
942 _n0
948 _c05/08/1998
999 _c55452
_d55452